[Event "CAN-op"]
[Site "Toronto CAN"]
[Date "2010.07.10"]
[Round "1"]
[White "Acosta, Mariano"]
[Black "Krnan, Tomas"]
[Result "0-1"]
[WhiteElo "2084"]
[BlackElo "2408"]
[PlyCount "80"]
[GameId "2160767909915243"]
[EventDate "2010.07.10"]
[EventType "swiss"]
[EventRounds "9"]
[EventCountry "CAN"]
[SourceTitle "CBM 137 Extra"]
[Source "ChessBase"]
[SourceDate "2010.09.01"]
[SourceVersion "1"]
[SourceVersionDate "2010.09.01"]
[SourceQuality "1"]

1. b3 e5 2. Bb2 Nc6 3. e3 d6 4. d4 exd4 5. exd4 d5 6. Nf3 Bd6 7. Nc3 Nf6 8. Nb5 Be7 9. Be2 O-O 10. O-O a6 11. Na3 Re8 12. c4 Bf5 13. Nc2 h6 14. Ne3 Be4 15. Nd2 Bg6 16. Bf3 Nb4 17. Bc3 c6 18. a3 Nd3 19. g3 Ne4 20. Bxe4 dxe4 21. f4 Bf6 22. f5 Bxd4 23. fxg6 Bxe3+ 24. Kg2 fxg6 25. Qe2 Bd4 26. Rac1 Nxc1 27. Rxc1 Qf6 28. Rf1 Qe5 29. Bxd4 Qxd4 30. Rf4 Qd3 31. Kf1 Rad8 32. Rxe4 Rxe4 33. Nxe4 Rf8+ 34. Nf2 Qxb3 35. Kg2 Qxa3 36. Ne4 Qe7 37. Qg4 Re8 38. Nf2 Qe2 39. Qxe2 Rxe2 40. Kf3 Rxf2+ 0-1

[Event "CAN-op"]
[Site "Toronto CAN"]
[Date "2010.07.12"]
[Round "3"]
[White "Wu, Aaron"]
[Black "Krnan, Tomas"]
[Result "0-1"]
[WhiteElo "1974"]
[BlackElo "2408"]
[PlyCount "34"]
[GameId "2160767909915345"]
[EventDate "2010.07.10"]
[EventType "swiss"]
[EventRounds "9"]
[EventCountry "CAN"]
[SourceTitle "CBM 137 Extra"]
[Source "ChessBase"]
[SourceDate "2010.09.01"]
[SourceVersion "1"]
[SourceVersionDate "2010.09.01"]
[SourceQuality "1"]

1. e4 d5 2. exd5 Nf6 3. d4 Nxd5 4. c4 Nb6 5. Nc3 e5 6. dxe5 Qxd1+ 7. Nxd1 Nc6 8. f4 Be6 9. Ne3 Bc5 10. Bd2 O-O-O 11. Nf3 f6 12. exf6 gxf6 13. Be2 Rhe8 14. b3 Bd7 15. Nd5 Nxd5 16. cxd5 Nd4 17. Nxd4 Bxd4 0-1

[Event "CAN-op"]
[Site "Toronto CAN"]
[Date "2010.07.14"]
[Round "5"]
[White "Barrios, Felix"]
[Black "Krnan, Tomas"]
[Result "1-0"]
[WhiteElo "2207"]
[BlackElo "2408"]
[PlyCount "71"]
[GameId "2160767909915379"]
[EventDate "2010.07.10"]
[EventType "swiss"]
[EventRounds "9"]
[EventCountry "CAN"]
[SourceTitle "CBM 137 Extra"]
[Source "ChessBase"]
[SourceDate "2010.09.01"]
[SourceVersion "1"]
[SourceVersionDate "2010.09.01"]
[SourceQuality "1"]

1. d4 g6 2. e4 Bg7 3. Nc3 c6 4. h3 d6 5. Be3 Qa5 6. Qd2 b5 7. Bd3 Nd7 8. Nf3 a6 9. Ne2 Qc7 10. c4 c5 11. cxb5 c4 12. Rc1 axb5 13. b3 Ba6 14. O-O e6 15. a4 bxa4 16. Bxc4 Bxc4 17. Rxc4 Qb7 18. Rxa4 Ngf6 19. e5 dxe5 20. dxe5 Nd5 21. Bh6 Bf8 22. Bxf8 Rxf8 23. Rc1 N7b6 24. Rxa8+ Qxa8 25. Ned4 Kd7 26. Rc6 Rc8 27. Rd6+ Kc7 28. Ng5 Qa1+ 29. Kh2 Kb7 30. Nxf7 Rc1 31. Nd8+ Ka7 32. N4c6+ Ka8 33. Qa5+ Qxa5 34. Nxa5 Rc5 35. Ndc6 Nc8 36. Rxe6 1-0

[Event "CAN-op"]
[Site "Toronto CAN"]
[Date "2010.07.14"]
[Round "6"]
[White "Krnan, Tomas"]
[Black "Lan, Tian"]
[Result "1-0"]
[WhiteElo "2484"]
[BlackElo "1510"]
[PlyCount "87"]
[GameId "2160767909915416"]
[EventDate "2010.07.10"]
[EventType "swiss"]
[EventRounds "9"]
[EventCountry "CAN"]

1. e4 d6 2. d4 Nf6 3. Nc3 g6 4. f4 Bg7 5. Nf3 O-O 6. Bd3 c6 7. O-O e5 8. dxe5 dxe5 9. Nxe5 Nbd7 10. Nxd7 Bxd7 11. e5 Ng4 12. Qf3 h5 13. h3 Nh6 14. Be3 Qe7 15. Rad1 Bf5 16. Ne4 Qe6 17. b3 Rfd8 18. Bf2 Bf8 19. Nf6+ Kh8 20. Bc4 Qe7 21. g4 Be6 22. Bd3 Bg7 23. f5 Bxf6 24. exf6 Qxf6 25. Qg3 Nxf5 26. gxf5 gxf5 27. Qf4 Rg8+ 28. Kh2 Kh7 29. Bd4 Qg5 30. Qxg5 Rxg5 31. Rg1 Rg6 32. Rde1 Rd8 33. Rxg6 fxg6 34. Bf6 Re8 35. Bc4 Bf7 36. Rxe8 Bxe8 37. Kg3 c5 38. Kf4 Bc6 39. Kg5 Be4 40. c3 Bb1 41. a3 Bc2 42. Bf7 f4 43. Kxf4 Kh6 44. h4 1-0

[Event "CAN-op"]
[Site "Toronto CAN"]
[Date "2010.07.16"]
[Round "7"]
[White "Fairbairn, Stephen"]
[Black "Krnan, Tomas"]
[Result "0-1"]
[WhiteElo "2073"]
[BlackElo "2408"]
[PlyCount "84"]
[GameId "2160767909915461"]
[EventDate "2010.07.10"]
[EventType "swiss"]
[EventRounds "9"]
[EventCountry "CAN"]
[SourceTitle "CBM 137 Extra"]
[Source "ChessBase"]
[SourceDate "2010.09.01"]
[SourceVersion "1"]
[SourceVersionDate "2010.09.01"]
[SourceQuality "1"]

1. c4 Nf6 2. g3 g6 3. Bg2 Bg7 4. Nc3 O-O 5. d4 d6 6. Nf3 Nc6 7. O-O Bf5 8. Ne1 Qd7 9. e4 Bh3 10. f3 a6 11. Be3 Rab8 12. Qe2 e5 13. d5 Nd4 14. Qd3 c5 15. dxc6 bxc6 16. b3 c5 17. Bxh3 Qxh3 18. Ng2 Nxf3+ 19. Rxf3 Ng4 20. Re1 Qxh2+ 21. Kf1 Qh1+ 22. Bg1 f5 23. exf5 gxf5 24. Ne2 Nh2+ 25. Kf2 Ng4+ 26. Kf1 Kh8 27. Qd5 Nh2+ 28. Kf2 Ng4+ 29. Kf1 Rbe8 30. Rd1 Nh2+ 31. Kf2 Ng4+ 32. Kf1 e4 33. Rf4 Nh2+ 34. Kf2 Ng4+ 35. Kf1 e3 36. Rxg4 fxg4+ 37. Ngf4 Qf3+ 38. Ke1 Bc3+ 39. Nxc3 Qxg3+ 40. Ke2 Qxf4 41. Kd3 Re5 42. Qg2 Qf5+ 0-1

[Event "CAN-op"]
[Site "Toronto CAN"]
[Date "2010.07.17"]
[Round "8"]
[White "Krnan, Tomas"]
[Black "Bluvshtein, Ilia"]
[Result "1-0"]
[WhiteElo "2408"]
[BlackElo "2085"]
[PlyCount "53"]
[GameId "2160767909915495"]
[EventDate "2010.07.10"]
[EventType "swiss"]
[EventRounds "9"]
[EventCountry "CAN"]
[SourceTitle "CBM 137 Extra"]
[Source "ChessBase"]
[SourceDate "2010.09.01"]
[SourceVersion "1"]
[SourceVersionDate "2010.09.01"]
[SourceQuality "1"]

1. e4 e5 2. Nf3 Nc6 3. Bb5 f5 4. Nc3 fxe4 5. Nxe4 Nf6 6. Nxf6+ Qxf6 7. Qe2 Be7 8. Bxc6 dxc6 9. Nxe5 O-O 10. d4 c5 11. dxc5 Bf5 12. b4 Bxc2 13. Bb2 Qf5 14. Rc1 Be4 15. Qc4+ Kh8 16. f3 Bh4+ 17. g3 Qh3 18. Qf1 Qe6 19. Qe2 Qh3 20. Rg1 Bxf3 21. Nxf3 Rae8 22. Ne5 Bf6 23. Rc4 Re6 24. Re4 Rfe8 25. Rf1 Kg8 26. Rff4 g5 27. Ng4 1-0

[Event "CAN-op"]
[Site "Toronto CAN"]
[Date "2010.07.18"]
[Round "9"]
[White "Hambleton, Aman"]
[Black "Krnan, Tomas"]
[Result "1/2-1/2"]
[WhiteElo "2131"]
[BlackElo "2408"]
[PlyCount "97"]
[GameId "2160767909915534"]
[EventDate "2010.07.10"]
[EventType "swiss"]
[EventRounds "9"]
[EventCountry "CAN"]
[SourceTitle "CBM 137 Extra"]
[Source "ChessBase"]
[SourceDate "2010.09.01"]
[SourceVersion "1"]
[SourceVersionDate "2010.09.01"]
[SourceQuality "1"]

1. d4 g6 2. c4 Bg7 3. Nc3 c5 4. d5 Bxc3+ 5. bxc3 f5 6. h4 Nf6 7. h5 Rg8 8. hxg6 hxg6 9. Nh3 Qa5 10. Qc2 d6 11. f3 Nbd7 12. Bg5 Ne5 13. e3 Bd7 14. Nf4 O-O-O 15. Be2 Rh8 16. Kf2 Neg4+ 17. Kg1 Rxh1+ 18. Kxh1 Ne5 19. Kg1 Rh8 20. Bxf6 exf6 21. Ne6 Bxe6 22. dxe6 Re8 23. f4 Nc6 24. g4 Ne7 25. Rb1 Qc7 26. Bf3 b6 27. Qg2 g5 28. a4 gxf4 29. a5 fxg4 30. Bd5 f3 31. Qa2 Nxd5 32. Qa4 Rh8 33. cxd5 g3 34. e7 Qxe7 35. Qg4+ Kb7 36. Qxf3 Re8 37. Re1 Qe5 38. Qg4 Qxc3 39. Re2 Rxe3 40. a6+ Kxa6 41. Qa4+ Qa5 42. Qxa5+ Kxa5 43. Rxe3 Kb5 44. Re6 Kc4 45. Rxd6 b5 46. Rb6 Kxd5 47. Rxb5 Kd4 48. Kg2 c4 49. Ra5 1/2-1/2

[Event "CAN-ch"]
[Site "Guelph CAN"]
[Date "2009.08.08"]
[Round "1"]
[White "Krnan, Tomas"]
[Black "Haessel, Dale"]
[Result "1/2-1/2"]
[WhiteElo "2439"]
[BlackElo "2204"]
[PlyCount "46"]
[GameId "2160767910093217"]
[EventDate "2009.08.08"]
[EventType "swiss"]
[EventRounds "9"]
[EventCountry "CAN"]
[SourceTitle "CBM 132 Extra"]
[Source "ChessBase"]
[SourceDate "2009.11.03"]
[SourceVersion "1"]
[SourceVersionDate "2009.11.03"]
[SourceQuality "1"]

1. e4 e5 2. Nf3 Nf6 3. Nxe5 d6 4. Nf3 Nxe4 5. Nc3 Nxc3 6. dxc3 Nc6 7. Bf4 Be7 8. Qd2 Be6 9. O-O-O Qd7 10. Re1 a6 11. h4 h6 12. Nd4 Nxd4 13. cxd4 d5 14. Bd3 O-O-O 15. Qa5 Bd6 16. Bd2 Rde8 17. g3 c6 18. Re3 Bf5 19. Bf1 Rxe3 20. Bxe3 Re8 21. Qd2 Qe7 22. Rg1 Bb4 23. Qd1 Bd6 1/2-1/2

[Event "CAN-ch"]
[Site "Guelph CAN"]
[Date "2009.08.09"]
[Round "2"]
[White "Henry, Liam"]
[Black "Krnan, Tomas"]
[Result "1/2-1/2"]
[WhiteElo "2186"]
[BlackElo "2439"]
[PlyCount "72"]
[GameId "2160767910093230"]
[EventDate "2009.08.08"]
[EventType "swiss"]
[EventRounds "9"]
[EventCountry "CAN"]
[SourceTitle "CBM 132 Extra"]
[Source "ChessBase"]
[SourceDate "2009.11.03"]
[SourceVersion "1"]
[SourceVersionDate "2009.11.03"]
[SourceQuality "1"]

1. d4 Nf6 2. c4 d6 3. Nc3 Nbd7 4. e4 e5 5. d5 Be7 6. Nf3 O-O 7. Be2 a5 8. O-O Nc5 9. Qc2 Ne8 10. Be3 b6 11. b3 f5 12. Bxc5 bxc5 13. exf5 Bxf5 14. Bd3 g6 15. Nd2 Bd7 16. Rab1 Ng7 17. a3 Qb8 18. b4 axb4 19. axb4 cxb4 20. Nb5 c5 21. dxc6 Bxc6 22. Rxb4 Qb7 23. Nd4 Qxb4 24. Nxc6 Qb7 25. Be4 Rac8 26. Nd8 Qa7 27. Bd5+ Kh8 28. Nf7+ Rxf7 29. Bxf7 Nh5 30. g3 Qd4 31. Be6 Rf8 32. Ne4 Ng7 33. Bd5 Nf5 34. Kg2 Qa7 35. Rb1 Nd4 36. Qb2 Nf5 1/2-1/2

[Event "CAN-ch"]
[Site "Guelph CAN"]
[Date "2009.08.11"]
[Round "4"]
[White "Krnan, Tomas"]
[Black "Jiang, Louie"]
[Result "0-1"]
[WhiteElo "2439"]
[BlackElo "2250"]
[PlyCount "150"]
[GameId "2160767910093261"]
[EventDate "2009.08.08"]
[EventType "swiss"]
[EventRounds "9"]
[EventCountry "CAN"]
[SourceTitle "CBM 132 Extra"]
[Source "ChessBase"]
[SourceDate "2009.11.03"]
[SourceVersion "1"]
[SourceVersionDate "2009.11.03"]
[SourceQuality "1"]

1. e4 c5 2. Nc3 a6 3. Nf3 b5 4. d4 e6 5. d5 Bb7 6. Qd3 Nf6 7. Bg5 h6 8. Bxf6 Qxf6 9. e5 Qf4 10. g3 Qb4 11. O-O-O c4 12. Qd4 Qa5 13. Nd2 Bb4 14. Nde4 O-O 15. a3 Bxc3 16. Nxc3 exd5 17. Nxd5 Nc6 18. Qc5 c3 19. Nxc3 Nxe5 20. Rg1 Nf3 21. Bg2 Rac8 22. Qb4 Qb6 23. Bxf3 Bxf3 24. Rd2 Rfe8 25. Qf4 Qb7 26. Rd3 Bc6 27. g4 Qb8 28. Qxb8 Rxb8 29. b4 g5 30. Kd2 Re5 31. Re1 Rxe1 32. Kxe1 Re8+ 33. Kd2 Kf8 34. Re3 Re6 35. Ne2 Rf6 36. Ke1 Bf3 37. h3 Bxe2 38. Kxe2 Rc6 39. Kd3 f6 40. Re4 d5 41. Rd4 Rd6 42. f4 Ke7 43. f5 Rd7 44. Kd2 Kd6 45. Rd3 Re7 46. a4 Re4 47. axb5 axb5 48. Ra3 Rxb4 49. Ra6+ Ke7 50. Re6+ Kf7 51. Rb6 Rd4+ 52. Kc3 Rc4+ 53. Kd3 b4 54. Rb7+ Kf8 55. Rb5 Ke7 56. Rb7+ Kd6 57. Rb6+ Ke5 58. Re6+ Kf4 59. Rxf6 Rc3+ 60. Kd4 Rxh3 61. Kxd5 Kxg4 62. Ke6 Rc3 63. Rf8 Rc6+ 64. Ke7 Rc7+ 65. Ke6 Kf3 66. f6 g4 67. Rg8 g3 68. f7 Rxf7 69. Kxf7 g2 70. Ke6 h5 71. Rf8+ Kg3 72. Rg8+ Kh3 73. Ke5 h4 74. Kf4 Kh2 75. Rg4 h3 0-1

[Event "CAN-ch"]
[Site "Guelph CAN"]
[Date "2009.08.12"]
[Round "5"]
[White "Me, Kevin"]
[Black "Krnan, Tomas"]
[Result "1/2-1/2"]
[WhiteElo "2145"]
[BlackElo "2439"]
[PlyCount "61"]
[GameId "2160767910093280"]
[EventDate "2009.08.08"]
[EventType "swiss"]
[EventRounds "9"]
[EventCountry "CAN"]
[SourceTitle "CBM 132 Extra"]
[Source "ChessBase"]
[SourceDate "2009.11.03"]
[SourceVersion "1"]
[SourceVersionDate "2009.11.03"]
[SourceQuality "1"]

1. e4 d5 2. exd5 Nf6 3. d4 Nxd5 4. Nf3 g6 5. c4 Nb6 6. Nc3 Bg7 7. c5 Nd5 8. Bc4 c6 9. O-O O-O 10. Bxd5 cxd5 11. h3 Nc6 12. Re1 Bf5 13. Bg5 h6 14. Bf4 g5 15. Be5 Nxe5 16. dxe5 e6 17. Nd4 Bg6 18. Ncb5 Qd7 19. Nd6 b6 20. b4 bxc5 21. bxc5 a6 22. Qg4 Rab8 23. a3 Rb2 24. Rac1 Qc7 25. h4 gxh4 26. f3 Kh7 27. Qxh4 Ra2 28. Re3 Rb8 29. f4 Qa5 30. Qe1 Qc7 31. g4 1/2-1/2

[Event "CAN-ch"]
[Site "Guelph CAN"]
[Date "2009.08.13"]
[Round "6"]
[White "Qin, Zi Yi (Joey)"]
[Black "Krnan, Tomas"]
[Result "0-1"]
[WhiteElo "2208"]
[BlackElo "2534"]
[PlyCount "56"]
[GameId "2160767910093297"]
[EventDate "2009.08.08"]
[EventType "swiss"]
[EventRounds "9"]
[EventCountry "CAN"]

1. e4 e5 2. Nf3 Nc6 3. Bc4 Nf6 4. d4 exd4 5. O-O Bc5 6. e5 d5 7. exf6 dxc4 8. Re1+ Be6 9. Ng5 Qd5 10. Nc3 Qf5 11. g4 Qg6 12. Nce4 Bb6 13. f4 d3+ 14. Kh1 Bd5 15. f5 Qxf6 16. Nf3 Bxe4 17. Rxe4+ Kf8 18. cxd3 h5 19. g5 Qxf5 20. Bd2 cxd3 21. Rf4 Qd5 22. Bc3 Be3 23. Ra4 Bxg5 24. h4 b5 25. Ra6 Bxh4 26. Qf1 Rh6 27. Kh2 Bf6 28. Bd2 Rg6 0-1

[Event "CAN-ch"]
[Site "Guelph CAN"]
[Date "2009.08.14"]
[Round "7"]
[White "Krnan, Tomas"]
[Black "Plotkin, Victor"]
[Result "1-0"]
[WhiteElo "2439"]
[BlackElo "2215"]
[PlyCount "63"]
[GameId "2160767910093311"]
[EventDate "2009.08.08"]
[EventType "swiss"]
[EventRounds "9"]
[EventCountry "CAN"]
[SourceTitle "CBM 132 Extra"]
[Source "ChessBase"]
[SourceDate "2009.11.03"]
[SourceVersion "1"]
[SourceVersionDate "2009.11.03"]
[SourceQuality "1"]

1. e4 e5 2. Nf3 Nf6 3. Nxe5 d6 4. Nf3 Nxe4 5. Nc3 Nxc3 6. dxc3 Be7 7. Bf4 O-O 8. Qd2 Nc6 9. O-O-O Bf6 10. Bd3 Be6 11. h4 Qd7 12. Ng5 Bf5 13. g4 Bxd3 14. Qxd3 g6 15. Qg3 Rfe8 16. f3 Bg7 17. Ne4 Ne5 18. h5 Qa4 19. hxg6 Qxa2 20. gxf7+ Kxf7 21. b3 Qa3+ 22. Kb1 Rh8 23. Bxe5 Bxe5 24. f4 Bg7 25. Ng5+ Kf8 26. Qd3 Ke8 27. Qe4+ Kd7 28. Rxh7 Rag8 29. Qe6+ Kc6 30. Qd5+ Kb6 31. Rxg7 Rxg7 32. Qd4+ 1-0

[Event "CAN-ch"]
[Site "Guelph CAN"]
[Date "2009.08.15"]
[Round "8"]
[White "Krnan, Tomas"]
[Black "Thavandiran, Shiyam"]
[Result "0-1"]
[WhiteElo "2439"]
[BlackElo "2291"]
[PlyCount "58"]
[GameId "2160767910093320"]
[EventDate "2009.08.08"]
[EventType "swiss"]
[EventRounds "9"]
[EventCountry "CAN"]
[SourceTitle "CBM 132 Extra"]
[Source "ChessBase"]
[SourceDate "2009.11.03"]
[SourceVersion "1"]
[SourceVersionDate "2009.11.03"]
[SourceQuality "1"]

1. e4 e6 2. d4 d5 3. Nc3 Nf6 4. Bg5 dxe4 5. Nxe4 Be7 6. Bxf6 Bxf6 7. Nf3 Nd7 8. c3 Be7 9. Bd3 O-O 10. Qc2 h6 11. h4 c5 12. Neg5 Re8 13. Bh7+ Kf8 14. Nxf7 Kxf7 15. Qg6+ Kf8 16. Ne5 Nxe5 17. dxe5 Qc7 18. Rh3 Qxe5+ 19. Re3 Qc7 20. Rd1 Bf6 21. Rf3 Qf7 22. Qe4 Bd7 23. Qe3 Bc6 24. Rh3 Rad8 25. Rxd8 Rxd8 26. Qxc5+ Be7 27. Qe3 e5 28. Be4 Qxa2 29. Rf3+ Kg8 0-1

[Event "CAN-ch"]
[Site "Guelph CAN"]
[Date "2009.08.16"]
[Round "9"]
[White "Divljan, Igor"]
[Black "Krnan, Tomas"]
[Result "1-0"]
[WhiteElo "2290"]
[BlackElo "2439"]
[PlyCount "65"]
[GameId "2160767910093333"]
[EventDate "2009.08.08"]
[EventType "swiss"]
[EventRounds "9"]
[EventCountry "CAN"]
[SourceTitle "CBM 132 Extra"]
[Source "ChessBase"]
[SourceDate "2009.11.03"]
[SourceVersion "1"]
[SourceVersionDate "2009.11.03"]
[SourceQuality "1"]

1. d4 g6 2. c4 Bg7 3. e4 d6 4. Nc3 Nf6 5. Be2 O-O 6. Bg5 Nbd7 7. Qd2 c5 8. d5 a6 9. a4 Qa5 10. Ra3 Qb4 11. a5 b5 12. Nf3 h6 13. Bf4 bxc4 14. O-O g5 15. Bg3 Rb8 16. Rb1 Nxe4 17. Nxe4 f5 18. Nxd6 Qxa3 19. Nxc8 Rfxc8 20. Bxb8 Qa2 21. Qc2 c3 22. Ba7 cxb2 23. Bc4 Qa1 24. d6+ Kh8 25. Nxg5 hxg5 26. Qxf5 Bf6 27. Bd3 Kg7 28. Qxd7 c4 29. dxe7 Re8 30. Qxe8 cxd3 31. Qf8+ Kh7 32. Qf7+ Bg7 33. Qf5+ 1-0

[Event "CAN-op"]
[Site "Ottawa CAN"]
[Date "2007.07.07"]
[Round "1"]
[White "Krnan, Tomas"]
[Black "Bick, John D"]
[Result "1-0"]
[WhiteElo "2432"]
[BlackElo "2217"]
[PlyCount "73"]
[GameId "2160767910576468"]
[EventDate "2007.07.07"]
[EventType "swiss"]
[EventRounds "10"]
[EventCountry "CAN"]
[SourceTitle "CBM 119 Extra"]
[Source "ChessBase"]
[SourceDate "2007.09.04"]
[SourceVersion "1"]
[SourceVersionDate "2007.09.04"]
[SourceQuality "1"]

1. e4 e5 2. Nf3 Nf6 3. Nc3 Nc6 4. d4 exd4 5. Nd5 Nb4 6. Nxd4 Nbxd5 7. exd5 Nxd5 8. Qf3 Qe7+ 9. Be2 Qe5 10. c3 c6 11. O-O Bd6 12. g3 O-O 13. Rd1 Bb8 14. c4 Nf6 15. Bf4 Qe4 16. Bxb8 Qxf3 17. Bxf3 Rxb8 18. Nf5 g6 19. Rd6 gxf5 20. Rxf6 Kg7 21. Rxf5 d6 22. Ra5 a6 23. Rd1 Rd8 24. Rg5+ Kf6 25. h4 Bf5 26. Rd4 h6 27. Rh5 Bg6 28. Ra5 Rbc8 29. g4 Rc7 30. g5+ Kg7 31. Bg2 h5 32. f4 f5 33. Bh3 Rf7 34. Kf2 Re8 35. Rxd6 Re4 36. Kf3 Rfe7 37. Rxg6+ 1-0

[Event "CAN-op"]
[Site "Ottawa CAN"]
[Date "2007.07.08"]
[Round "2"]
[White "Kaminski, Victor"]
[Black "Krnan, Tomas"]
[Result "1-0"]
[WhiteElo "2149"]
[BlackElo "2432"]
[PlyCount "167"]
[GameId "2160767910576513"]
[EventDate "2007.07.07"]
[EventType "swiss"]
[EventRounds "10"]
[EventCountry "CAN"]
[SourceTitle "CBM 119 Extra"]
[Source "ChessBase"]
[SourceDate "2007.09.04"]
[SourceVersion "1"]
[SourceVersionDate "2007.09.04"]
[SourceQuality "1"]

1. d4 Nf6 2. Nf3 g6 3. g3 Bg7 4. Bg2 d6 5. c4 O-O 6. Nc3 Nc6 7. O-O Bf5 8. d5 Na5 9. Nd4 Bd7 10. Qd3 c5 11. dxc6 Nxc6 12. Nxc6 Bxc6 13. e4 Rc8 14. Qe2 Nd7 15. Be3 Bxc3 16. bxc3 b6 17. f4 Bb7 18. f5 Ba6 19. Rf4 Bxc4 20. Qd2 g5 21. Rg4 f6 22. Bxg5 Ne5 23. Rh4 Qc7 24. Be3 Rcd8 25. Bd4 Kh8 26. Qe3 Bg8 27. g4 Nc6 28. g5 Nxd4 29. Qxd4 Rc8 30. Rh3 Qc5 31. g6 Kg7 32. gxh7 Bxh7 33. Kh1 Qxd4 34. cxd4 Rc4 35. Bf3 Rg8 36. Rg3+ Kf8 37. d5 Rxg3 38. hxg3 Ra4 39. Kg2 Bg8 40. a3 Bf7 41. Rc1 Rxa3 42. Rc8+ Kg7 43. Rc7 Kf8 44. Rc8+ Kg7 45. Rc7 b5 46. Rxe7 Kf8 47. Rb7 Be8 48. e5 dxe5 49. Rc7 a5 50. d6 Rd3 51. Rc8 Rxd6 52. Bh5 Rb6 53. Rxe8+ Kg7 54. Ra8 b4 55. Ra7+ Kf8 56. Rxa5 b3 57. Ra1 b2 58. Rb1 Kg7 59. Bf3 Rb4 60. Be2 Kh6 61. Kf3 Rb3+ 62. Ke4 Kg5 63. g4 Kh4 64. Kd5 Kg5 65. Kc4 Rb8 66. Kc3 Rc8+ 67. Kxb2 Kf4 68. Rc1 Rb8+ 69. Kc2 Ke3 70. Kd1 Kf2 71. Rc2 Rb1+ 72. Kd2 e4 73. Kc3 Ke3 74. Kc4 Rb8 75. Kd5 Re8 76. Kd6 Kf4 77. Kd7 Re5 78. Rc6 Ke3 79. Bc4 Kf4 80. Be2 Ke3 81. Rxf6 Kxe2 82. Re6 Rd5+ 83. Ke7 Kf3 84. f6 1-0

[Event "CAN-op"]
[Site "Ottawa CAN"]
[Date "2007.07.08"]
[Round "3"]
[White "Krnan, Tomas"]
[Black "Gardner, Robert"]
[Result "1-0"]
[WhiteElo "2432"]
[BlackElo "2207"]
[PlyCount "63"]
[GameId "2160767910576549"]
[EventDate "2007.07.07"]
[EventType "swiss"]
[EventRounds "10"]
[EventCountry "CAN"]
[SourceTitle "CBM 119 Extra"]
[Source "ChessBase"]
[SourceDate "2007.09.04"]
[SourceVersion "1"]
[SourceVersionDate "2007.09.04"]
[SourceQuality "1"]

1. e4 d6 2. d4 Nf6 3. Nc3 g6 4. f4 Bg7 5. Nf3 c5 6. Bb5+ Bd7 7. e5 Ng4 8. e6 fxe6 9. Ng5 Bxb5 10. Qxg4 Bc4 11. b3 Bxd4 12. Bd2 Bd5 13. Nxd5 exd5 14. O-O-O Nc6 15. Ne6 Qb6 16. f5 Bf6 17. Rhe1 Ne5 18. Qh3 a5 19. Bf4 a4 20. Bxe5 dxe5 21. Rxd5 axb3 22. cxb3 Qa5 23. Re2 Kf7 24. g4 e4 25. Kb1 gxf5 26. Nf4 h5 27. g5 e6 28. gxf6 Rag8 29. Rd7+ Kxf6 30. Qh4+ Rg5 31. Nh3 Rhg8 32. Nxg5 1-0

[Event "CAN-op"]
[Site "Ottawa CAN"]
[Date "2007.07.09"]
[Round "4"]
[White "Tayar, Jonathan"]
[Black "Krnan, Tomas"]
[Result "1/2-1/2"]
[WhiteElo "2271"]
[BlackElo "2432"]
[PlyCount "133"]
[GameId "2160767910576613"]
[EventDate "2007.07.07"]
[EventType "swiss"]
[EventRounds "10"]
[EventCountry "CAN"]
[SourceTitle "CBM 119 Extra"]
[Source "ChessBase"]
[SourceDate "2007.09.04"]
[SourceVersion "1"]
[SourceVersionDate "2007.09.04"]
[SourceQuality "1"]

1. e4 e5 2. Nf3 Nc6 3. Bc4 Nf6 4. Ng5 d5 5. exd5 Na5 6. Bb5+ c6 7. dxc6 bxc6 8. Qf3 h6 9. Ne4 Nd5 10. Nbc3 cxb5 11. Nxd5 Bb7 12. Ne3 Qd7 13. O-O Nc6 14. d3 Nd4 15. Qh5 O-O-O 16. Qxe5 f6 17. Qh5 f5 18. c3 g6 19. Qxg6 Ne2+ 20. Kh1 fxe4 21. dxe4 Bd6 22. Nf5 Rhg8 23. Nxd6+ Qxd6 24. Qf5+ Qd7 25. Qc5+ Qc6 26. Qxc6+ Bxc6 27. Be3 Bxe4 28. f3 Bd3 29. Bxa7 Nf4 30. Rf2 Rde8 31. g3 Nh3 32. Rd2 Be2 33. Kg2 Ng5 34. f4 Bf3+ 35. Kf1 Ne4 36. Rd3 Bg4 37. Re1 Bh3+ 38. Kg1 Re7 39. Bd4 h5 40. Rde3 Rge8 41. b3 Bd7 42. Bc5 Re6 43. f5 Rc6 44. Rxe4 Rxe4 45. Rxe4 Rxc5 46. f6 Rf5 47. Rf4 Rxf4 48. gxf4 Kd8 49. Kf2 Ke8 50. Kg3 Kf7 51. Kh4 Kxf6 52. Kxh5 Kf5 53. h4 Kxf4 54. Kg6 Kg4 55. Kf6 Kxh4 56. Ke7 Bg4 57. c4 bxc4 58. bxc4 Kg5 59. Kd6 Kf5 60. a4 Ke4 61. Kc5 Ke5 62. Kb6 Bf3 63. c5 Ke6 64. a5 Kd7 65. a6 Be4 66. a7 Bc6 67. Ka5 1/2-1/2

[Event "CAN-op"]
[Site "Ottawa CAN"]
[Date "2007.07.10"]
[Round "5"]
[White "Krnan, Tomas"]
[Black "Day, Lawrence"]
[Result "1-0"]
[WhiteElo "2432"]
[BlackElo "2266"]
[PlyCount "85"]
[GameId "2160767910576638"]
[EventDate "2007.07.07"]
[EventType "swiss"]
[EventRounds "10"]
[EventCountry "CAN"]
[SourceTitle "CBM 119 Extra"]
[Source "ChessBase"]
[SourceDate "2007.09.04"]
[SourceVersion "1"]
[SourceVersionDate "2007.09.04"]
[SourceQuality "1"]

1. e4 g6 2. d4 d6 3. Nc3 a6 4. Be3 b5 5. Qd2 Nd7 6. h4 h5 7. e5 Nb6 8. a4 Nc4 9. Qc1 Nxe3 10. Qxe3 b4 11. Ne4 d5 12. Ng5 e6 13. N1h3 Nh6 14. Bd3 c5 15. c3 bxc3 16. bxc3 Qa5 17. O-O c4 18. Bc2 Be7 19. f3 Nf5 20. Bxf5 gxf5 21. Rfb1 Rg8 22. Nf4 Rh8 23. Ne2 Qd8 24. a5 Bd7 25. Rb6 Qc8 26. Ng3 Kf8 27. f4 Bb5 28. Qf3 Bd8 29. Nxh5 Bxb6 30. axb6 Rb8 31. g4 fxg4 32. Qxg4 Ke7 33. Nf6 Rxb6 34. f5 Qf8 35. Rf1 Qh6 36. h5 Be8 37. Rf2 a5 38. Qh4 Ba4 39. fxe6 fxe6 40. Nxd5+ exd5 41. Nf7+ Kd7 42. Nxh6 Rbxh6 43. Rf7+ 1-0

[Event "CAN-op"]
[Site "Ottawa CAN"]
[Date "2007.07.11"]
[Round "6"]
[White "Semyonov, Vladimir"]
[Black "Krnan, Tomas"]
[Result "0-1"]
[WhiteElo "2178"]
[BlackElo "2492"]
[PlyCount "96"]
[GameId "2160767910642237"]
[EventDate "2007.07.07"]
[EventType "swiss"]
[EventRounds "10"]
[EventCountry "CAN"]

1. d4 Nf6 2. Nf3 g6 3. Bg5 Bg7 4. Nbd2 O-O 5. e3 d6 6. Be2 c5 7. c3 b6 8. O-O Bb7 9. Bh4 Qc7 10. Qc2 Nbd7 11. Rfe1 a6 12. a4 Rac8 13. Bf1 h6 14. Qb1 g5 15. Bg3 Nh5 16. Bd3 Nxg3 17. hxg3 e6 18. Qd1 d5 19. Rc1 c4 20. Bb1 f5 21. Nh2 g4 22. b4 Nf6 23. Qe2 h5 24. Bc2 Kf7 25. Nhf1 Rh8 26. f4 h4 27. gxh4 Rxh4 28. g3 Rh3 29. Qg2 Rch8 30. Kf2 Nh5 31. Nf3 gxf3 32. Qxh3 Nf6 33. Qxh8 Bxh8 34. Kxf3 Bc6 35. Nd2 Ng4 36. Rh1 Bg7 37. Nf1 Qd7 38. Ra1 e5 39. Rh5 Nf6 40. Bxf5 Qe7 41. Rh2 Bd7 42. Bc2 Bg4+ 43. Kg2 exd4 44. exd4 Be2 45. Bf5 Bd3 46. Bxd3 cxd3 47. Kg1 Ne4 48. Re1 Qc7 0-1